000 00275nam a22001217a 4500
040 _crua
082 _a100 PET 2002 A103 Or.
100 _aPeter Afflerbach
245 _aReading for florida
260 _aPhnom Penh
_bRUA
_c2012
300 _a482p
_bill;
_c29cm';
942 _cEK
999 _c22751
_d22751